| 000 | 01162cam a22002653a 4500 | ||
|---|---|---|---|
| 001 | 15411 | ||
| 003 | PGUSA | ||
| 005 | 20140828083329.0 | ||
| 008 | 050319s2005||||xxu|||||s|||||000 | eng d | ||
| 040 |
_aPGUSA _beng |
||
| 042 | _adc | ||
| 050 | 4 | _aDU | |
| 100 | 1 |
_aBligh, William, _d1754-1817 |
|
| 245 | 1 | 2 |
_aA Voyage to the South Sea : _bUndertaken by command of His Majesty for the purpose of conveying the bread-fruit tree to the West Indies in His Majesty's ship the Bounty commanded by Lieutenant William Bligh; including an account of the mutiny on board the said ship and the subsequent voyage of part of the crew in the ship's boat from Tofoa, one of the Friendly Islands, to Timor, a Dutch settlement in the East Indies _h[electronic resource] / _cWilliam Bligh |
| 260 |
_bProject Gutenberg, _c2005 |
||
| 506 | _aPublic domain in the USA. | ||
| 516 | _aElectronic text | ||
| 653 | _aOceania -- Description and travel -- Early works to 1800 | ||
| 653 | _aVoyages and travels | ||
| 653 | _aBounty Mutiny, 1789 | ||
| 653 | _aBounty (Ship) | ||
| 830 | 0 |
_aProject Gutenberg _v15411 |
|
| 856 | 4 | 0 | _uhttp://www.gutenberg.org/ebooks/15411 |
| 942 | _cEB | ||
| 999 |
_c244666 _d244666 |
||